[Event "AUS-ch Seniors"]
[Site "Melbourne"]
[Date "2002.01.02"]
[Round "5"]
[White "Ellis, David"]
[Black "Meydan, Arie"]
[Result "1-0"]
[WhiteElo "1925"]
[BlackElo "1804"]
[PlyCount "103"]
[EventDate "2001.12.28"]
[EventType "swiss"]
[EventRounds "11"]
[EventCountry "AUS"]
[SourceTitle "EXT 2003"]
[Source "ChessBase"]
[SourceDate "2002.11.25"]
[SourceVersion "1"]
[SourceVersionDate "2002.11.25"]
[SourceQuality "1"]

1. Nf3 Nf6 2. g3 d5 3. c4 c6 4. b3 Nbd7 5. Bb2 e5 6. Nxe5 Nxe5 7. Bxe5 dxc4 8. bxc4 Bc5 9. e3 0-0 10. Qf3 Be7 11. Nc3 Qa5 12. Bxf6 Bxf6 13. Rc1 Bf5 14. Nd5 Bb2 15. Qxf5 cxd5 16. Rb1 g6 17. Qc2 Bg7 18. Bg2 Rac8 19. 0-0 Rxc4 20. Qd3 Rc5 21. Rxb7 Qxa2 22. Rd7 a5 23. Bxd5 Qb2 24. Rb1 Rc1+ 25. Rxc1 Qxc1+ 26. Kg2 a4 27. Ra7 Qa1 28. Qc4 a3 29. Bxf7+ Kh8 30. d4 Qb2 31. Qa2 Bxd4 32. exd4 Qxd4 33. Rxa3 Kg7 34. Ra4 Qf6 35. Rf4 Qe5 36. Qa7 Qxf4 37. gxf4 Rxf7 38. Qd4+ Kh6 39. Kg3 Rf5 40. h4 Rh5 41. Qh8 Rf5 42. Qg8 Rb5 43. Qf8+ Kh5 44. Qe7 Kh6 45. Kg4 Rf5 46. f3 Rf6 47. Qe5 Rf7 48. Qg5+ Kg7 49. h5 Rf6 50. h6+ Kf7 51. Qd5+ Ke7 52. Qb7+ 1-0

[Event "AUS-ch Seniors"]
[Site "Melbourne"]
[Date "2001.12.29"]
[Round "2"]
[White "Meydan, Arie"]
[Black "Partis, Michael"]
[Result "0-1"]
[WhiteElo "1804"]
[BlackElo "2070"]
[PlyCount "92"]
[EventDate "2001.12.28"]
[EventType "swiss"]
[EventRounds "11"]
[EventCountry "AUS"]
[SourceTitle "EXT 2003"]
[Source "ChessBase"]
[SourceDate "2002.11.25"]
[SourceVersion "1"]
[SourceVersionDate "2002.11.25"]
[SourceQuality "1"]

1. e4 e6 2. d3 d5 3. Nc3 Nf6 4. e5 Nfd7 5. f4 c5 6. Nf3 Nc6 7. Be2 a6 8. 0-0 b5 9. Qd2 g6 10. Nd1 h5 11. Nf2 Bh6 12. Nh3 0-0 13. Nhg5 Qe7 14. d4 cxd4 15. Nxd4 Qc5 16. c3 Bxg5 17. Kh1 Bh6 18. Qd1 Nxd4 19. cxd4 Qe7 20. f5 Bxc1 21. f6 Qd8 22. Qxc1 Kh7 23. Qg5 Rh8 24. Bxh5 Qf8 25. Bxg6+ fxg6 26. Rf4 Qf7 27. Raf1 Kg8 28. g4 Kf8 29. R4f2 Nb6 30. Qd2 a5 31. Qc3 Nc4 32. b3 b4 33. Qc1 Bb7 34. bxc4 dxc4+ 35. Kg1 Bd5 36. Qb1 Rh4 37. h3 Rxh3 38. Rh2 Rxh2 39. Kxh2 Qh7+ 40. Kg3 Kf7 41. Rf2 Rh8 42. Qf1 Qh4+ 43. Kf4 Qh6+ 44. g5 Qh4+ 45. Ke3 Qe4+ 46. Kd2 Qxd4+ 0-1

[Event "Box Hill CC-ch"]
[Site "Box Hill"]
[Date "2000.06.02"]
[Round "5.2"]
[White "Meydan, Arie"]
[Black "Kempen, Leon JP"]
[Result "1-0"]
[WhiteElo "1802"]
[BlackElo "2148"]
[PlyCount "61"]
[EventDate "2000.??.??"]
[EventType "swiss"]
[EventRounds "9"]
[EventCountry "AUS"]
[SourceTitle "EXT 2003"]
[Source "ChessBase"]
[SourceDate "2002.11.25"]
[SourceVersion "1"]
[SourceVersionDate "2002.11.25"]
[SourceQuality "1"]

1. e4 c5 2. Nf3 e6 3. d4 cxd4 4. Nxd4 a6 5. a4 Nc6 6. Be3 Nf6 7. Nxc6 bxc6 8. Nd2 d5 9. exd5 cxd5 10. a5 d4 11. Bf4 Bb7 12. Nf3 Bb4+ 13. c3 Bxf3 14. Qxf3 dxc3 15. bxc3 Be7 16. Qc6+ Kf8 17. Bxa6 Nd5 18. Rd1 Qe8 19. Qxe8+ Rxe8 20. Bd2 Ra8 21. Bb7 Rxa5 22. c4 Ra7 23. Rb1 Nb4 24. Bf3 Na6 25. Ke2 Rd7 26. Rb6 Nc5 27. Ra1 Bd8 28. Rb5 Rxd2+ 29. Kxd2 Nd7 30. Ra7 Nf6 31. Rb8 1-0